Essentials of Chinese Medicine

The modern medical model is gradually shifting from one of biomedicine to one that integrates practices from the physiological, psychological, sociological and medical fields. This growing recognition that people, the environment, ecological conditions and society are all aspects of a united whole h...

Full description

Bibliographic Details
Corporate Author: SpringerLink (Online service)
Other Authors: Liu, Zhanwen (Editor)
Format: Electronic eBook
Language:English
Published: London : Springer London, 2009.
Subjects:
Online Access:Full Text via HEAL-Link
LEADER 02658nam a22004695i 4500
001 978-1-84882-593-2
003 DE-He213
005 20151204173951.0
007 cr nn 008mamaa
008 100301s2009 xxk| s |||| 0|eng d
020 |a 9781848825932  |9 978-1-84882-593-2 
024 7 |a 10.1007/978-1-84882-593-2  |2 doi 
040 |d GrThAP 
050 4 |a R733 
072 7 |a MX  |2 bicssc 
072 7 |a MED004000  |2 bisacsh 
082 0 4 |a 610  |2 23 
245 1 0 |a Essentials of Chinese Medicine  |h [electronic resource] /  |c edited by Zhanwen Liu. 
264 1 |a London :  |b Springer London,  |c 2009. 
300 |a XLVII, 492 p.  |b online resource. 
336 |a text  |b txt  |2 rdacontent 
337 |a computer  |b c  |2 rdamedia 
338 |a online resource  |b cr  |2 rdacarrier 
347 |a text file  |b PDF  |2 rda 
505 0 |a Meridians, Acupuncture and Moxibustion -- Meridians: General Introduction -- Overview of Acupoints -- Descriptions of Specific Acupoints -- Techniques of Acupuncture and Moxibustion -- Principles of Acupuncture Therapeutics -- Chinese Materia Medica -- Basic Theory of Chinese Materia Medica -- Commonly Used Herbs -- Chinese Medicinal Formulas -- Basic Principles of CM Herbal Formulation -- Commonly Used Herbal Formulas. 
520 |a The modern medical model is gradually shifting from one of biomedicine to one that integrates practices from the physiological, psychological, sociological and medical fields. This growing recognition that people, the environment, ecological conditions and society are all aspects of a united whole has given rise to an emergence of alternative medicine and therapies, many of which are borrowed from traditional Chinese medicine. Volume Two presents the therapeutic methods of Chinese Medicine, including the basic methods and theories of acupuncture and moxibustion. 84 Chinese herbal formulas and 6 associated formulas commonly used in clinical practice are explained and illustrated, providing the reader with a thorough introduction to the use of herbs in Chinese Medicine. 
650 0 |a Medicine. 
650 0 |a Complementary medicine. 
650 0 |a Dermatology. 
650 0 |a Internal medicine. 
650 1 4 |a Medicine & Public Health. 
650 2 4 |a Complementary & Alternative Medicine. 
650 2 4 |a Medicine/Public Health, general. 
650 2 4 |a Internal Medicine. 
650 2 4 |a Dermatology. 
700 1 |a Liu, Zhanwen.  |e editor. 
710 2 |a SpringerLink (Online service) 
773 0 |t Springer eBooks 
776 0 8 |i Printed edition:  |z 9781848825925 
856 4 0 |u http://dx.doi.org/10.1007/978-1-84882-593-2  |z Full Text via HEAL-Link 
912 |a ZDB-2-SME 
950 |a Medicine (Springer-11650)